000 01250nam a22001817a 4500
005 20230616120154.0
008 230616b ||||| |||| 00| 0 eng d
020 _a0136038727
050 _aHG8051.D69(9e)
100 _9Dofman, Mart S.
245 _aIntroduction to risk management and insurance /
_cMart S. Dorfman.
250 _a9th ed.
260 _aNew Jersey :
_bPearson Education Inc.,
_c2008.
300 _axxxi, 567 p. :
_bill. ;
_c26 cm.
500 _aIncludes index.
505 _aContents: Fundamentals and terminology -- Defining the insurable event -- Risk management -- Insurance companies -- Insurance occupations -- The insurance market: the economic problem -- Insurance regulation -- Insurance contracts -- Basic property and liability insurance contracts -- Homeowners insurance (HO) -- The personal auto policy -- Life insurance policies -- Standard life insurance contracts provisions and options -- Annuities -- Medical expense and disability income insurance -- Advanced topics in risk management -- Commercial property insurance -- Commercial liability insurance -- Bonding, crime insurance, and reinsurance -- Employee benefits -- Social security -- Unemployment and worker's compensation insurance.
942 _2lcc
_cBK
999 _c9714
_d17214